20 najvećih ostrva na Jadranu - Statistics

General Stats
  • This quiz has been taken 126 times
  • The average score is 7 of 20
Answer Stats
Površina (km2) Ostrvo % Correct
405.22 Krk
78%
297.38 Hvar
73%
405.70 Cres
66%
271.47 Korčula
62%
395.44 Brač
57%
89.72 Vis
46%
284.18 Pag
45%
86.16 Rab
36%
98.02 Mljet
35%
74.00 Lošinj
34%
40.82 Lastovo
30%
113.30 Dugi Otok
21%
58.18 Šolta
20%
32.44 Kornat
16%
51.05 Ugljan
16%
60.11 Pašman
15%
22.08 Vir
15%
28.13 Čiovo
13%
26.14 Olib
13%
22.18 Molat
10%
No matching quizzes found
Score Distribution
Percent of People with Each Score
Percentile by Number Answered
Your Score History
You have not taken this quiz